Spell the Marvel Villain #8 - Statistics

General Stats
  • This quiz has been taken 22 times
  • The average score is 12 of 16
Answer Stats
Picture Answer % Correct
Rhino
100%
Red Skull
95%
Thanos
95%
Venom
95%
Electro
90%
Killmonger
90%
Taskmaster
86%
Egghead
81%
Hobgoblin
81%
Enchantress
71%
Kraven the Hunter
71%
Hammerhead
67%
Nebula
62%
Unicorn
43%
Arkon
29%
Nitro
29%
No matching quizzes found
Score Distribution
Percent of People with Each Score
Percentile by Number Answered
Your Score History
You have not taken this quiz